Spojené štáty - Slovenský Kvíz - Statistics

General Stats
  • This quiz has been taken 360 times
  • The average score is 27 of 50
Answers on the Map
Answers color-coded by a green-red scale on the quiz's map according to % correct below.
 
Answer Stats
State % Correct
Texas
89%
Kalifornia
87%
Florida
85%
New York
85%
Aljaška
84%
Havaj
79%
Washington
76%
Alabama
72%
Colorado
72%
Ohio
68%
Severná Dakota
68%
Južná Dakota
66%
Arizona
62%
Nevada
62%
Severná Karolína
62%
Arkansas
60%
Južná Karolína
60%
New Jersey
59%
Utah
58%
Illinois
57%
Nové Mexiko
57%
Kentucky
55%
Oklahoma
55%
Pensylvánia
55%
Idaho
52%
Iowa
51%
Georgia
50%
Montana
50%
Minnesota
49%
Oregon
49%
Maine
48%
Wyoming
48%
Kansas
47%
Mississippi
47%
Virgínia
47%
Michigan
45%
Nebraska
44%
Delaware
43%
Tennessee
43%
Západná Virgínia
43%
Missouri
42%
Indiana
41%
Connecticut
38%
Louisiana
37%
Rhode Island
37%
New Hampshire
36%
Vermont
35%
Wisconsin
34%
Maryland
33%
Massachusetts
26%
No matching quizzes found
Score Distribution
Percent of People with Each Score
Percentile by Number Answered
Your Score History
You have not taken this quiz